000 00990nam a2200217 a 4500
001 000136251
003 AM-YEHGA
005 20250617122824.0
008 950417s1989 ru a|||gr|||||||||0|rus|d
040 _aAM-YeHGA
041 0 _arus
245 0 0 _aОловоносные магматические и рудные формации Восточной Якутии :
_bСборник научных трудов /
_cАН СССР. Сиб. отд-ние. Якут. ин-т геол. наук ; [Редкол.: Ю.В. Давыдов (отв. ред.) и др.].
260 _aЯкутск :
_bИзд-во ЯНЦ СО АН СССР,
_c1989.
300 _a154 с. :
_bил. ;
_c20 см.
504 _aБиблиогр. в конце ст.
650 1 4 _aГеология
700 1 _aДавыдов, Юрий Владимирович
_eред.
_4edt
710 2 _aЯкутский институт геологических наук СО АН СССР
942 _2udc
_cBK
090 _c46319
999 _c45577
_d45577